<?xml version="1.0" encoding="UTF-8"?>
<record
    xmlns:xsi="http://www.w3.org/2001/XMLSchema-instance"
    xsi:schemaLocation="http://www.loc.gov/MARC21/slim http://www.loc.gov/standards/marcxml/schema/MARC21slim.xsd"
    xmlns="http://www.loc.gov/MARC21/slim">

  <leader>01086nam a2200229Ia 4500</leader>
  <datafield tag="952" ind1=" " ind2=" ">
    <subfield code="0">0</subfield>
    <subfield code="1">0</subfield>
    <subfield code="2">lcc</subfield>
    <subfield code="4">0</subfield>
    <subfield code="7">0</subfield>
    <subfield code="a">11</subfield>
    <subfield code="b">11</subfield>
    <subfield code="d">2015-05-28</subfield>
    <subfield code="l">2</subfield>
    <subfield code="o">LB1032 J32 1998</subfield>
    <subfield code="p">11 011865</subfield>
    <subfield code="r">2019-11-08</subfield>
    <subfield code="s">2019-11-08</subfield>
    <subfield code="t">1</subfield>
    <subfield code="w">2015-05-28</subfield>
    <subfield code="y">LB</subfield>
  </datafield>
  <datafield tag="952" ind1=" " ind2=" ">
    <subfield code="0">0</subfield>
    <subfield code="1">0</subfield>
    <subfield code="2">lcc</subfield>
    <subfield code="4">0</subfield>
    <subfield code="7">0</subfield>
    <subfield code="a">11</subfield>
    <subfield code="b">11</subfield>
    <subfield code="d">2015-05-28</subfield>
    <subfield code="l">0</subfield>
    <subfield code="o">LB1032 J32 1998</subfield>
    <subfield code="p">11 011866</subfield>
    <subfield code="r">2015-05-28</subfield>
    <subfield code="t">2</subfield>
    <subfield code="w">2015-05-28</subfield>
    <subfield code="y">LB</subfield>
  </datafield>
  <datafield tag="952" ind1=" " ind2=" ">
    <subfield code="0">0</subfield>
    <subfield code="1">0</subfield>
    <subfield code="2">lcc</subfield>
    <subfield code="4">0</subfield>
    <subfield code="7">0</subfield>
    <subfield code="a">11</subfield>
    <subfield code="b">11</subfield>
    <subfield code="d">2015-05-28</subfield>
    <subfield code="l">0</subfield>
    <subfield code="o">LB1032 J32 1998</subfield>
    <subfield code="p">11 011867</subfield>
    <subfield code="r">2015-05-28</subfield>
    <subfield code="t">3</subfield>
    <subfield code="w">2015-05-28</subfield>
    <subfield code="y">LB</subfield>
  </datafield>
  <datafield tag="999" ind1=" " ind2=" ">
    <subfield code="c">68071</subfield>
    <subfield code="d">68071</subfield>
  </datafield>
  <controlfield tag="008">120626s1998    sp            000 0 spa d</controlfield>
  <datafield tag="020" ind1=" " ind2=" ">
    <subfield code="a">8471123568</subfield>
  </datafield>
  <datafield tag="050" ind1=" " ind2=" ">
    <subfield code="a">LB1032 </subfield>
    <subfield code="b">J32 1998</subfield>
  </datafield>
  <datafield tag="100" ind1=" " ind2=" ">
    <subfield code="a">Jackson, Philip W.</subfield>
    <subfield code="e">autor</subfield>
  </datafield>
  <datafield tag="240" ind1=" " ind2=" ">
    <subfield code="a">Life in classrooms</subfield>
    <subfield code="l">Espa&#xF1;ol</subfield>
  </datafield>
  <datafield tag="245" ind1=" " ind2=" ">
    <subfield code="a">La vida en las aulas</subfield>
    <subfield code="c"> / Philip W. Jackson ; traducci&#xF3;n de Guillermo Solana</subfield>
  </datafield>
  <datafield tag="260" ind1=" " ind2=" ">
    <subfield code="a">Espa&#xF1;a</subfield>
    <subfield code="b">: Ediciones Morata</subfield>
    <subfield code="c">, 1998</subfield>
  </datafield>
  <datafield tag="300" ind1=" " ind2=" ">
    <subfield code="a">215 p&#xE1;ginas  </subfield>
  </datafield>
  <datafield tag="500" ind1=" " ind2=" ">
    <subfield code="a">Incluye: Contenido, Pr&#xF3;logo, Introducci&#xF3;n, Prefacio, Indice de materias, Notas sobre el autor, Tabla de Sistema Educativo en Estados Unidos </subfield>
  </datafield>
  <datafield tag="505" ind1=" " ind2=" ">
    <subfield code="a">Los afanes cotidianos  
Los sentimientos de los alumnos hacia la escuela  
Participaci&#xF3;n y absentismo en la clase  
Opiniones de los profesores  
Las necesidades de nuevas perspectivas  </subfield>
  </datafield>
  <datafield tag="519" ind1=" " ind2=" ">
    <subfield code="a">Materia Complementario /  </subfield>
    <subfield code="b">Pedagog&#xED;a / </subfield>
    <subfield code="d">(11 011867)</subfield>
  </datafield>
  <datafield tag="650" ind1=" " ind2=" ">
    <subfield code="a">EDUCACI&#xD3;N PRIMARIA</subfield>
    <subfield code="x">METAS Y OBJETIVOS</subfield>
  </datafield>
  <datafield tag="650" ind1=" " ind2=" ">
    <subfield code="a">AMBIENTE EN EL SALON DE CLASES</subfield>
  </datafield>
  <datafield tag="650" ind1=" " ind2=" ">
    <subfield code="a">RELACIONES MAESTRO - ESTUDIANTE</subfield>
  </datafield>
  <datafield tag="650" ind1=" " ind2=" ">
    <subfield code="a">MOTIVACI&#xD3;N DEL EXITO EN LA NI&#xD1;EZ</subfield>
  </datafield>
  <datafield tag="942" ind1=" " ind2=" ">
    <subfield code="c">LB</subfield>
  </datafield>
</record>
